Catálogo

EL CLIMA DE LAS DISTINTAS REGIONES : (Registro nro. 21440)

Detalles MARC
000 -LEADER
fixed length control field 00545nam a2200181 a 4500
001 - CONTROL NUMBER
control field 21440
005 - DATE AND TIME OF LATEST TRANSACTION
control field 20180713215159.0
008 - FIXED-LENGTH DATA ELEMENTS--GENERAL INFORMATION
fixed length control field 140415s1940 mx 000 0 spa d
041 ## - LANGUAGE CODE
Language code of text/sound track or separate title spa
082 ## - DEWEY DECIMAL CLASSIFICATION NUMBER
Classification number 551.7248
Item number CON
100 1# - MAIN ENTRY--PERSONAL NAME
Personal name CONTRERAS ARIAS, ALFONSO
245 13 - TITLE STATEMENT
Title EL CLIMA DE LAS DISTINTAS REGIONES :
Remainder of title DEL ESTADO DE PUEBLA
250 ## - EDITION STATEMENT
Edition statement 1a ed.
260 ## - PUBLICATION, DISTRIBUTION, ETC.
Place of publication, distribution, etc. MEXICO :
Name of publisher, distributor, etc. INSTITUTO GEOGRAFICO DE LA SECRETARIA DE AGRI...,
Date of publication, distribution, etc. 1940
490 ## - SERIES STATEMENT
Series statement COL.PUEBLA
500 ## - GENERAL NOTE
General note COLECCIÓN PUEBLA
650 14 - SUBJECT ADDED ENTRY--TOPICAL TERM
Topical term or geographic name entry element CLIMATOLOGIA
General subdivision PUEBLA
Existencias
Withdrawn status Lost status Source of classification or shelving scheme Damaged status Not for loan Collection code Home library Current library Shelving location Date acquired Source of acquisition Inventory number Total Checkouts Full call number Barcode Date last seen Price effective from Koha item type
    Dewey Decimal Classification   Consulta en sala Puebla Biblioteca Karol Wojtyla Biblioteca Karol Wojtyla Área de silencio 03/12/2013 Compra 151000000000000000072593   551.7248 CON 41732 05/01/2026 03/12/2013 Libro